000 00254nam a2200097Ia 4500
001 784426
005 20250826170241.0
008 250824s9999 xx 000 0 und d
245 0 _aALTIN YAPRAKLAR
_cAHMET YILMAZ BOYUNAĞA
260 _bGENÇ TİMAŞ YAYINLARI
999 _c784426
_d784426